Malta in Eurovision - 12 points - Statistics

General Stats
  • This quiz has been taken 25 times
  • The average score is 65 of 69
Answer Stats
Hint Answer % Correct
1992 Ireland
100%
1993 Ireland
100%
2014 Italy
100%
2015 Italy
100%
2017 (Jury) Italy
100%
2017 (Televote) Italy
100%
2018 (Televote) Italy
100%
2019 (Jury) Italy
100%
2019 (Televote) Italy
100%
2021 (Televote) Italy
100%
2023 (Televote) Italy
100%
2018 SF (Jury) Norway
100%
1997 Spain
100%
2022 (Jury) Spain
100%
1999 Sweden
100%
2006 SF Sweden
100%
2008 Sweden
100%
2015 SF Sweden
100%
2022 SF (Jury) Sweden
100%
2023 SF (Televote) Sweden
100%
2023 (Jury) Sweden
100%
2006 Switzerland
100%
2008 SF Switzerland
100%
2019 SF (Televote) Switzerland
100%
2024 (Jury) Switzerland
100%
2007 United Kingdom
100%
2016 (Jury) United Kingdom
100%
2022 (Televote) United Kingdom
100%
2021 (Jury) Albania
95%
2010 Azerbaijan
95%
2011 Azerbaijan
95%
2012 Azerbaijan
95%
2013 SF Azerbaijan
95%
2013 Azerbaijan
95%
1991 Cyprus
95%
2002 Cyprus
95%
2005 Cyprus
95%
2018 (Jury) Cyprus
95%
2021 SF (Televote) Cyprus
95%
2004 SF Greece
95%
2004 Greece
95%
2003 Iceland
95%
2009 SF Iceland
95%
2009 Iceland
95%
2000 Russia
95%
2016 SF (Televote) Russia
95%
2024 (Televote) Ukraine
95%
1996 QR Austria
90%
1996 Austria
90%
2005 SF Latvia
90%
2007 SF Latvia
90%
2012 SF Turkey
90%
2016 (Televote) Australia
85%
2010 SF Belgium
85%
1995 Croatia
85%
2011 SF Croatia
85%
2001 Estonia
85%
1998 Israel
85%
1975 Netherlands
85%
2019 SF (Jury) Netherlands
85%
2024 SF (Televote) Netherlands
85%
2014 SF Romania
85%
2021 SF (Jury) Romania
85%
2018 SF (Televote) San Marino
85%
2016 SF (Jury) Armenia
80%
2022 SF (Televote) Serbia
80%
2017 SF (Jury) Bulgaria
75%
2017 SF (Televote) Bulgaria
75%
1994 Slovakia
75%
No matching quizzes found
Score Distribution
Percent of People with Each Score
Percentile by Number Answered
Your Score History
You have not taken this quiz